Discrete event simulation : a practical approach (Record no. 4932)
[ view plain ]
| 000 -LEADER | |
|---|---|
| fixed length control field | 00676 a2200193 4500 |
| 020 ## - INTERNATIONAL STANDARD BOOK NUMBER | |
| International Standard Book Number | 0849371740 |
| 040 ## - CATALOGING SOURCE | |
| Original cataloging agency | DLC |
| Language of cataloging | DLC |
| 082 00 - DEWEY DECIMAL CLASSIFICATION NUMBER | |
| Classification number | 003/.83 |
| 100 1# - MAIN ENTRY--PERSONAL NAME | |
| Personal name | Pooch, Udo W., |
| 245 10 - TITLE STATEMENT | |
| Title | Discrete event simulation : a practical approach |
| Remainder of title | a practical approach |
| Statement of responsibility, etc. | Udo W. Pooch, James A. Wall. |
| 260 ## - PUBLICATION, DISTRIBUTION, ETC. | |
| Place of publication, distribution, etc. | Boca Raton : |
| Name of publisher, distributor, etc. | CRC Press, |
| Date of publication, distribution, etc. | c1993. |
| 300 ## - PHYSICAL DESCRIPTION | |
| Extent | xv, 412 p. : |
| Other physical details | ill. ; |
| Dimensions | 24 cm. |
| 440 #0 - SERIES STATEMENT/ADDED ENTRY--TITLE | |
| Title | CRC Press computer engineering series |
| 650 #0 - SUBJECT ADDED ENTRY--TOPICAL TERM | |
| Topical term or geographic name entry element | Computer simulation. |
| 650 #0 - SUBJECT ADDED ENTRY--TOPICAL TERM | |
| Topical term or geographic name entry element | Discrete-time systems. |
| 700 1# - ADDED ENTRY--PERSONAL NAME | |
| Personal name | Wall, James A. |
| Dates associated with a name | 1951- |
| 856 42 - ELECTRONIC LOCATION AND ACCESS | |
| Materials specified | Publisher description |
| Uniform Resource Identifier | <a href="http://www.loc.gov/catdir/enhancements/fy0744/93111700-d.html">http://www.loc.gov/catdir/enhancements/fy0744/93111700-d.html</a> |
| 942 ## - ADDED ENTRY ELEMENTS (KOHA) | |
| Koha item type | Book |
| Call number prefix | 003.83 POO |
| Source of classification or shelving scheme | |
| Withdrawn status | Lost status | Damaged status | Not for loan | Collection code | Permanent Location | Current Location | Shelving location | Date acquired | Source of acquisition | Cost, normal purchase price | Total Checkouts | Full call number | Barcode | Date last seen | Price effective from | Koha item type |
|---|---|---|---|---|---|---|---|---|---|---|---|---|---|---|---|---|
| Central Library (CL) | Central Library (CL) | First Floor - Computer Science | 04/01/2006 | Academic Book Company | 10277.97 | 003.83 POO | SEECS007198 | 11/14/2012 | 01/05/2017 | Book | ||||||
| Central Library (CL) | Central Library (CL) | First Floor - Computer Science | 05/24/2006 | Academic Book Company | 10342.54 | 003.83 POO | SEECS007347 | 11/14/2012 | 01/05/2017 | Book |
